000
00388nam a2200145Ia 4500
008
100122s9999 xx 000 0 und d
082
_b
45948
_a
823.08
100
_a
प्रभू प्रकाश
245
_a
पालखी
260
_b
मंदार प्रकाशन
_c
1982
300
_a
124
630
_a
पालखी
730
_a
पालखी
942
_c
BOOK
999
_c
425242
_d
425239